[Event "36. Copenhagen Open (Politiken Cup)"]
[Site "Elsinore"]
[Date "2014.07.25"]
[Round "6"]
[White "Agrest, Inna"]
[Black "Boukhris, Yacine"]
[Result "1/2-1/2"]
[WhiteElo "2223"]
[BlackElo "2073"]
[PlyCount "50"]
[EventDate "2014.07.21"]
[EventType "swiss"]
[EventRounds "10"]
[EventCountry "DEN"]
[Source "ChessBase"]
[SourceDate "2014.08.29"]

1. e4 e6 2. d4 d5 3. Nc3 Bb4 4. Nge2 Nc6 5. a3 Ba5 6. Be3 Nge7 7. f3 O-O 8. Qd2
e5 9. O-O-O Be6 10. dxe5 dxe4 11. Qe1 Qc8 12. fxe4 Nxe5 13. Qg3 N7g6 14. h4 Ng4
15. Bc5 Bb6 16. Bxb6 cxb6 17. h5 N6e5 18. Nd4 Qc5 19. Be2 Nh6 20. b4 Qc8 21.
Ncb5 f6 22. Nxe6 Qxe6 23. Nc7 Qa2 24. Nxa8 Rc8 25. Bd3 Rc3 1/2-1/2

[Event "36. Copenhagen Open (Politiken Cup)"]
[Site "Elsinore"]
[Date "2014.07.25"]
[Round "6"]
[White "Akdag, Dara Sevkan"]
[Black "Kovshoj, Sune"]
[Result "1-0"]
[WhiteElo "2236"]
[BlackElo "2086"]
[PlyCount "37"]
[EventDate "2014.07.21"]
[EventType "swiss"]
[EventRounds "10"]
[EventCountry "DEN"]
[Source "ChessBase"]
[SourceDate "2014.08.29"]

1. d4 Nf6 2. c4 e6 3. Nf3 c5 4. d5 exd5 5. cxd5 d6 6. Nc3 g6 7. Bf4 a6 8. Nd2
Nh5 9. Qa4+ Bd7 10. Qe4+ Be7 11. Bxd6 Bf5 12. Bxe7 Qxe7 13. Qf3 Nd7 14. d6 Qxd6
15. g4 Ne5 16. Qe3 Bxg4 17. Nc4 Qd4 18. Qxe5+ Qxe5 19. Nxe5 1-0

[Event "36. Copenhagen Open (Politiken Cup)"]
[Site "Elsinore"]
[Date "2014.07.25"]
[Round "6"]
[White "Alfven, Jorgen"]
[Black "Stam, Bart"]
[Result "1-0"]
[WhiteElo "1883"]
[BlackElo "2017"]
[PlyCount "71"]
[EventDate "2014.07.21"]
[EventType "swiss"]
[EventRounds "10"]
[EventCountry "DEN"]
[Source "ChessBase"]
[SourceDate "2014.08.29"]

1. d4 d5 2. c4 Bf5 3. cxd5 Bxb1 4. Rxb1 Qxd5 5. a3 Nc6 6. Nf3 Nf6 7. e3 e6 8.
Qc2 Be7 9. Bc4 Qa5+ 10. Bd2 Qb6 11. b4 O-O 12. O-O Rac8 13. b5 Nb8 14. Qa4 Nd5
15. e4 Nf6 16. Ba5 Qd6 17. e5 Qxa3 18. Qxa3 Bxa3 19. exf6 gxf6 20. Rb3 Bd6 21.
Bb4 Nd7 22. Ra1 Nb6 23. Bxd6 cxd6 24. Bd3 Ra8 25. Rc1 Rfc8 26. Rxc8+ Rxc8 27.
g3 Rc1+ 28. Kg2 Ra1 29. Rc3 Nd5 30. Rc8+ Kg7 31. Be4 Ra5 32. Bxd5 exd5 33. b6
axb6 34. Rc7 b5 35. Rxb7 Kg6 36. Nh4+ 1-0

[Event "36. Copenhagen Open (Politiken Cup)"]
[Site "Elsinore"]
[Date "2014.07.25"]
[Round "6"]
[White "Arbeus, Carl Johan"]
[Black "Rosell, Sven"]
[Result "0-1"]
[WhiteElo "1819"]
[BlackElo "1985"]
[PlyCount "90"]
[EventDate "2014.07.21"]
[EventType "swiss"]
[EventRounds "10"]
[EventCountry "DEN"]
[Source "ChessBase"]
[SourceDate "2014.08.29"]

1. c3 Nf6 2. d4 g6 3. e3 Bg7 4. Bc4 O-O 5. Nf3 d5 6. Bd3 Nbd7 7. O-O c6 8. Qb3
Qc7 9. c4 dxc4 10. Bxc4 Nb6 11. Bd3 Be6 12. Qc2 Nfd5 13. Ng5 Bd7 14. a3 h6 15.
Nf3 Be6 16. Nc3 Nxc3 17. Qxc3 Nd5 18. Qd2 Nb6 19. e4 Rad8 20. Qe3 Bc4 21. Bd2
Bxd3 22. Qxd3 e5 23. Bc3 exd4 24. Bxd4 Bxd4 25. Nxd4 Qd7 26. Rfd1 c5 27. Qe3
cxd4 28. Qxh6 d3 29. b3 Qd4 30. h4 Rd6 31. h5 Qg7 32. Qf4 Rfd8 33. e5 Rd4 34.
Qe3 d2 35. h6 Qf8 36. Ra2 Kh7 37. e6 fxe6 38. Rc2 R8d7 39. a4 Qf5 40. Rc3 Rd3
41. Rxd3 Rxd3 42. Qe2 Qd5 43. a5 Nc8 44. b4 Nd6 45. Qg4 Qh5 0-1

[Event "36. Copenhagen Open (Politiken Cup)"]
[Site "Elsinore"]
[Date "2014.07.25"]
[Round "6"]
[White "Beckett, Christopher J"]
[Black "Nilssen, John Arni"]
[Result "0-1"]
[WhiteElo "2132"]
[BlackElo "2322"]
[PlyCount "118"]
[EventDate "2014.07.21"]
[EventType "swiss"]
[EventRounds "10"]
[EventCountry "DEN"]
[Source "ChessBase"]
[SourceDate "2014.08.29"]

1. d4 d5 2. c4 e6 3. Nc3 c6 4. e3 Bd6 5. Bd3 f5 6. f4 b6 7. Nf3 Nh6 8. O-O O-O
9. b3 Bb7 10. Bb2 Qe7 11. Qe2 a5 12. Na4 Bc7 13. c5 b5 14. Nc3 Kh8 15. Nd1 Nd7
16. Bc3 Qe8 17. Nf2 Nf6 18. Ne5 Ne4 19. Rfc1 Rg8 20. Bxe4 dxe4 21. a3 Qe7 22.
b4 a4 23. Kh1 Rad8 24. g4 Bxe5 25. dxe5 Rd5 26. Rg1 Bc8 27. Rg2 Bd7 28. gxf5
exf5 29. Qh5 Be6 30. Rg5 Qe8 31. Qh4 Qd8 32. Qh3 Ng4 33. Nxg4 Rd1+ 34. Kg2 fxg4
35. Qh4 Rxa1 36. Bxa1 Qd2+ 37. Qf2 Qxf2+ 38. Kxf2 Rf8 39. Kg3 g6 40. Rxg4 Bxg4
41. Kxg4 Rf5 42. h4 Kg8 43. Bd4 Kf7 44. Kg3 Ke6 45. Ba1 h6 46. Kg4 Kd5 47. Kg3
h5 48. Bd4 Rf8 49. Ba1 Kc4 50. Bd4 Kb3 51. e6 Re8 52. f5 gxf5 53. Kf4 Rxe6 54.
Kxf5 Re8 55. Kg6 Kxa3 56. Kxh5 Kxb4 57. Kg6 a3 58. h5 Kc4 59. h6 Re6+ 0-1

[Event "36. Copenhagen Open (Politiken Cup)"]
[Site "Elsinore"]
[Date "2014.07.25"]
[Round "6"]
[White "Biasi, Grace"]
[Black "Schjolin, John"]
[Result "1-0"]
[WhiteElo "1668"]
[BlackElo "1317"]
[PlyCount "77"]
[EventDate "2014.07.21"]
[EventType "swiss"]
[EventRounds "10"]
[EventCountry "DEN"]
[Source "ChessBase"]
[SourceDate "2014.08.29"]

1. e4 c6 2. d4 d5 3. e5 f6 4. Bd3 fxe5 5. Qh5+ g6 6. Bxg6+ hxg6 7. Qxh8 Nf6 8.
dxe5 Nh5 9. Bh6 Qa5+ 10. Nd2 Be6 11. Qxf8+ Kd7 12. Ne2 Qd8 13. Qf3 Na6 14.
O-O-O Qh8 15. Qe3 c5 16. Nc4 d4 17. Rxd4+ cxd4 18. Qxd4+ Ke8 19. Na5 Qxh6+ 20.
Kb1 b6 21. Nb7 g5 22. Qa4+ Bd7 23. Qxa6 Rc8 24. Na5 Rc7 25. Nb3 Qe6 26. Qd3 Nf4
27. Nbd4 Qxe5 28. Nxf4 Qxf4 29. Qg6+ Qf7 30. Qxg5 Qxf2 31. Qh5+ Kd8 32. Qh8+
Be8 33. Ne6+ Kd7 34. Nxc7 Bg6 35. Rd1+ Kxc7 36. Qd8+ Kb7 37. Rd7+ Ka6 38. Qc8+
Ka5 39. Rxa7+ 1-0

[Event "36. Copenhagen Open (Politiken Cup)"]
[Site "Elsinore"]
[Date "2014.07.25"]
[Round "6"]
[White "Bjornsson, Eirikur K"]
[Black "Andersen, Morten"]
[Result "0-1"]
[WhiteElo "1939"]
[BlackElo "2143"]
[PlyCount "52"]
[EventDate "2014.07.21"]
[EventType "swiss"]
[EventRounds "10"]
[EventCountry "DEN"]
[Source "ChessBase"]
[SourceDate "2014.08.29"]

1. d4 d5 2. c4 c6 3. Nc3 Nf6 4. Bg5 dxc4 5. a4 Be6 6. e4 Nbd7 7. Qd2 Qa5 8. e5
h6 9. Be3 Ng4 10. Bf4 g5 11. Bg3 h5 12. h3 Nh6 13. Nf3 Nf5 14. Nxg5 Nxg3 15.
fxg3 Bh6 16. Be2 O-O-O 17. Qe3 f6 18. exf6 Qxg5 19. Qxe6 Qd2+ 20. Kf1 Qxb2 21.
Rb1 Qxc3 22. Bf3 Qd3+ 23. Kf2 Qxd4+ 24. Ke2 Qxf6 25. Qxc4 Nb6 26. Rxb6 Rd2+ 0-1

[Event "36. Copenhagen Open (Politiken Cup)"]
[Site "Elsinore"]
[Date "2014.07.25"]
[Round "6"]
[White "Brondum, Eric"]
[Black "Louis, Thibault"]
[Result "0-1"]
[WhiteElo "2119"]
[BlackElo "2249"]
[PlyCount "58"]
[EventDate "2014.07.21"]
[EventType "swiss"]
[EventRounds "10"]
[EventCountry "DEN"]
[Source "ChessBase"]
[SourceDate "2014.08.29"]

1. e4 e6 2. d4 d5 3. e5 c5 4. c3 Nc6 5. Nf3 Bd7 6. Be2 Nge7 7. Na3 Ng6 8. Nc2
Be7 9. O-O cxd4 10. cxd4 O-O 11. g3 f6 12. exf6 Bxf6 13. Be3 Qe7 14. Qd2 Rad8
15. Rfe1 e5 16. dxe5 Ngxe5 17. Nxe5 Qxe5 18. Bc5 Rfe8 19. Rab1 Qg5 20. Be3 Qg6
21. Rbd1 Bg4 22. Bxg4 Qxg4 23. b4 Ne5 24. Nd4 Qh3 25. f3 Nc4 26. Qf2 Qd7 27. g4
Qa4 28. g5 Nxe3 29. gxf6 Nxd1 0-1

[Event "36. Copenhagen Open (Politiken Cup)"]
[Site "Elsinore"]
[Date "2014.07.25"]
[Round "6"]
[White "Buchal, Stephan"]
[Black "Schmied, Andreas"]
[Result "1-0"]
[WhiteElo "2295"]
[BlackElo "2018"]
[PlyCount "85"]
[EventDate "2014.07.21"]
[EventType "swiss"]
[EventRounds "10"]
[EventCountry "DEN"]
[Source "ChessBase"]
[SourceDate "2014.08.29"]

1. c4 e5 2. g3 Nf6 3. Bg2 c6 4. d4 Bb4+ 5. Bd2 Bxd2+ 6. Qxd2 d6 7. Nc3 O-O 8.
Rd1 Qe7 9. e3 Bg4 10. Nge2 Na6 11. h3 Bh5 12. O-O Rfd8 13. Rde1 Bxe2 14. Rxe2
Nc7 15. Kh2 exd4 16. exd4 Qf8 17. Rfe1 Re8 18. b3 Rxe2 19. Nxe2 d5 20. Nf4 Qd6
21. c5 Qd7 22. Nd3 Re8 23. Ne5 Qc8 24. b4 Nd7 25. h4 f6 26. Nf3 Rxe1 27. Qxe1
Kf8 28. Qb1 g6 29. Qc1 Kg7 30. Qf4 Nf8 31. Bh3 Qd8 32. a4 a6 33. Qe3 h5 34. Nd2
Kf7 35. Nb3 Nce6 36. Bf1 Qe7 37. Bd3 Nd8 38. Na5 Qc7 39. Qh6 Qe7 40. Bxg6+ Nxg6
41. Qh7+ Kf8 42. Qxg6 Nf7 43. Kg2 1-0

[Event "36. Copenhagen Open (Politiken Cup)"]
[Site "Elsinore"]
[Date "2014.07.25"]
[Round "6"]
[White "Christiansen, Niels Jorgen"]
[Black "Thybo, Jan"]
[Result "1-0"]
[WhiteElo "1664"]
[BlackElo "1347"]
[PlyCount "117"]
[EventDate "2014.07.21"]
[EventType "swiss"]
[EventRounds "10"]
[EventCountry "DEN"]
[Source "ChessBase"]
[SourceDate "2014.08.29"]

1. c4 Nf6 2. g3 g6 3. d4 Bg7 4. Nf3 d6 5. Bg2 O-O 6. Nc3 Na6 7. O-O Rb8 8. Rb1
c5 9. e3 Bg4 10. h3 Bd7 11. Re1 Qc8 12. Kh2 Nc7 13. d5 b5 14. cxb5 Nxb5 15.
Nxb5 Rxb5 16. e4 e6 17. dxe6 Bxe6 18. b3 Rb6 19. Bf4 d5 20. exd5 Nxd5 21. Bd2
Bc3 22. Qc1 Bg7 23. Ng5 Nb4 24. Bxb4 cxb4 25. Nxe6 Qxc1 26. Rbxc1 fxe6 27. f4
Bc3 28. Re4 a5 29. Bf1 Kg7 30. Kg2 Rd8 31. Rc2 Kf6 32. Bc4 Rbd6 33. Rce2 Rd2
34. Rxe6+ Kg7 35. Rxd2 Rxd2+ 36. Re2 Rd1 37. Kf3 h6 38. Re7+ Kf6 39. Re6+ Kg7
40. Ra6 g5 41. fxg5 hxg5 42. Rxa5 Rh1 43. Rxg5+ Kf6 44. h4 Rh2 45. Ra5 Bd4 46.
h5 Be5 47. g4 Bc7 48. Rb5 Rxa2 49. Rxb4 Bd6 50. Rb5 Rh2 51. g5+ Kg7 52. h6+ Kg6
53. Bd3+ Kf7 54. g6+ Ke7 55. g7 Rh3+ 56. Ke2 Rh2+ 57. Kf1 Rxh6 58. g8=Q Rf6+
59. Rf5 1-0

[Event "36. Copenhagen Open (Politiken Cup)"]
[Site "Elsinore"]
[Date "2014.07.25"]
[Round "6"]
[White "Collareta, Giovanni"]
[Black "Moller, Arne"]
[Result "1-0"]
[WhiteElo "2095"]
[BlackElo "1886"]
[PlyCount "91"]
[EventDate "2014.07.21"]
[EventType "swiss"]
[EventRounds "10"]
[EventCountry "DEN"]
[Source "ChessBase"]
[SourceDate "2014.08.29"]

1. c4 Nf6 2. Nf3 e6 3. g3 c5 4. Bg2 Nc6 5. O-O Be7 6. Nc3 O-O 7. d4 d5 8. cxd5
exd5 9. b3 Ne4 10. Bb2 Bf6 11. Na4 b5 12. Nxc5 Nxc5 13. Rc1 Ne4 14. Rxc6 Bd7
15. Rc1 b4 16. Nd2 Re8 17. Nxe4 dxe4 18. e3 Qa5 19. Qc2 Rac8 20. Qb1 Bb5 21.
Rxc8 Rxc8 22. Rc1 Rxc1+ 23. Qxc1 Bd3 24. Qc8+ Bd8 25. Qd7 Bb5 26. Qd5 a6 27.
Bxe4 g6 28. Qa8 Qxa2 29. Qxd8+ Kg7 30. Qc7 Qxb2 31. Qc2 Qa1+ 32. Qb1 Qc3 33.
Qd1 f5 34. Bc2 Bc6 35. d5 Bxd5 36. Qxd5 Qxc2 37. Qd4+ Kh6 38. Qxb4 Qc1+ 39. Kg2
Qc6+ 40. Kh3 g5 41. Qf8+ Kg6 42. f4 Qe6 43. fxg5 f4+ 44. Kh4 fxe3 45. Qh6+ Kf5
46. g4+ 1-0

[Event "36. Copenhagen Open (Politiken Cup)"]
[Site "Elsinore"]
[Date "2014.07.25"]
[Round "6"]
[White "Cornette, Matthieu"]
[Black "Salomon, Johan"]
[Result "1-0"]
[WhiteElo "2532"]
[BlackElo "2346"]
[PlyCount "61"]
[EventDate "2014.07.21"]
[EventType "swiss"]
[EventRounds "10"]
[EventCountry "DEN"]
[Source "ChessBase"]
[SourceDate "2014.08.29"]

1. c4 c5 2. g3 g6 3. Bg2 Bg7 4. Nc3 Nc6 5. Nf3 e6 6. d4 cxd4 7. Nb5 d5 8. cxd5
Qa5+ 9. Nd2 Qxb5 10. dxc6 Ne7 11. a4 Qb6 12. Nc4 Qb4+ 13. Bd2 Qxc4 14. cxb7
Bxb7 15. Bxb7 Rb8 16. Rc1 Qa2 17. Ba6 O-O 18. b4 Qd5 19. O-O Qd6 20. Bc4 h5 21.
b5 h4 22. e4 Nc8 23. Bb3 Nb6 24. Bf4 e5 25. Rc6 Qd7 26. Bxe5 Rbe8 27. Bd6 Rxe4
28. Bxf8 Bxf8 29. Rxg6+ Kh7 30. Qh5+ Bh6 31. Qxh6# 1-0

[Event "36. Copenhagen Open (Politiken Cup)"]
[Site "Elsinore"]
[Date "2014.07.25"]
[Round "6"]
[White "Dahl, Steve"]
[Black "Rasmussen, Lars"]
[Result "0-1"]
[WhiteElo "1802"]
[BlackElo "1984"]
[PlyCount "76"]
[EventDate "2014.07.21"]
[EventType "swiss"]
[EventRounds "10"]
[EventCountry "DEN"]
[Source "ChessBase"]
[SourceDate "2014.08.29"]

1. e4 e5 2. Nf3 Nf6 3. Nxe5 d6 4. Nf3 Nxe4 5. d4 d5 6. Bd3 Nc6 7. c3 Be7 8. O-O
O-O 9. Nbd2 Bf5 10. Qc2 Nxd2 11. Bxf5 Nxf3+ 12. gxf3 g6 13. Bd3 Bd6 14. Kg2 Qh4
15. Rh1 Nd8 16. Be3 Ne6 17. Rag1 Bf4 18. Kf1 Ng5 19. Rg3 Bxg3 20. fxg3 Qh3+ 21.
Kf2 Ne6 22. Bf1 Qf5 23. Qxf5 gxf5 24. Bd3 Ng7 25. Bf4 c6 26. Re1 Rae8 27. Bd6
Rxe1 28. Bxf8 Rh1 29. Kg2 Rd1 30. Bxg7 Kxg7 31. Bxf5 Rd2+ 32. Kh3 Rxb2 33. Bc8
Kf6 34. Kg4 a5 35. h4 a4 36. a3 Rb3 37. Kf4 Rxa3 38. Bxb7 Rxc3 0-1

[Event "36. Copenhagen Open (Politiken Cup)"]
[Site "Elsinore"]
[Date "2014.07.25"]
[Round "6"]
[White "Daulyte, Deimante"]
[Black "Alle, Ambjorn"]
[Result "1-0"]
[WhiteElo "2405"]
[BlackElo "2196"]
[PlyCount "91"]
[EventDate "2014.07.21"]
[EventType "swiss"]
[EventRounds "10"]
[EventCountry "DEN"]
[Source "ChessBase"]
[SourceDate "2014.08.29"]

1. e4 e5 2. Nf3 Nc6 3. Bb5 Nf6 4. d3 Bc5 5. c3 O-O 6. O-O d6 7. h3 a6 8. Ba4
Ba7 9. Re1 Re8 10. Nbd2 h6 11. Nf1 b5 12. Bb3 Be6 13. Ng3 d5 14. Qe2 dxe4 15.
dxe4 Na5 16. Bxe6 Rxe6 17. Nf5 Qd7 18. N3h4 Rd8 19. Qf3 Ne8 20. Qg4 Kh7 21. Nf3
Nc4 22. Qh4 Kg8 23. Qg3 Rg6 24. Qh2 Ned6 25. N5h4 Re6 26. b3 Na5 27. Be3 Bxe3
28. Rxe3 Qe8 29. Rd1 Nc6 30. g4 g6 31. Rd5 Kh7 32. Ng2 f6 33. h4 Ne7 34. g5
Nxd5 35. exd5 Re7 36. gxf6 Red7 37. Rxe5 Qf8 38. Re6 Nf5 39. Nf4 Rf7 40. h5 g5
41. Ng6 Qc5 42. Nge5 Rff8 43. Qh3 Nd6 44. Re7+ Kh8 45. Ng6+ Kg8 46. Rg7# 1-0

[Event "36. Copenhagen Open (Politiken Cup)"]
[Site "Elsinore"]
[Date "2014.07.25"]
[Round "6"]
[White "Derakhshani, Dorsa"]
[Black "Jogvansson, Hjalti Toftum"]
[Result "1-0"]
[WhiteElo "2169"]
[BlackElo "1944"]
[PlyCount "109"]
[EventDate "2014.07.21"]
[EventType "swiss"]
[EventRounds "10"]
[EventCountry "DEN"]
[Source "ChessBase"]
[SourceDate "2014.08.29"]

1. e4 d5 2. exd5 Qxd5 3. Nc3 Qa5 4. d4 Nf6 5. Bc4 Bf5 6. Bd2 c6 7. Nf3 e6 8.
Nd5 Qd8 9. Nxf6+ gxf6 10. Qe2 Nd7 11. O-O-O Nb6 12. Bb3 Qc7 13. Nh4 Bg6 14. f4
f5 15. Nxg6 hxg6 16. Bxe6 Qe7 17. Bc4 Qxe2 18. Bxe2 O-O-O 19. Ba5 Bd6 20. g3
Rde8 21. Bf3 Nc4 22. Bc3 Ne3 23. Rde1 Nd5 24. Bd2 Rxe1+ 25. Bxe1 Ne3 26. h3 f6
27. Bf2 Nd5 28. h4 Kd7 29. Kd2 b5 30. c3 a5 31. b3 Nb6 32. Kd3 Nd5 33. Be1 Re8
34. Bd2 Rb8 35. Bd1 c5 36. Bf3 Nb6 37. dxc5 Bxc5 38. h5 gxh5 39. Rxh5 Ke6 40.
g4 fxg4 41. Bxg4+ Kd6 42. b4 axb4 43. cxb4 Bf2 44. Rxb5 Kc6 45. Rf5 Rd8+ 46.
Kc2 Bd4 47. Bc3 Bxc3 48. Kxc3 Nd5+ 49. Kb3 Rg8 50. Bh5 Rg3+ 51. Ka4 Nc3+ 52.
Ka5 Nd5 53. a4 Rg8 54. b5+ Kc5 55. Rxd5+ 1-0

[Event "36. Copenhagen Open (Politiken Cup)"]
[Site "Elsinore"]
[Date "2014.07.25"]
[Round "6"]
[White "Djurhuus, Eivind X"]
[Black "Hardlei, Johan"]
[Result "1-0"]
[WhiteElo "2079"]
[BlackElo "1884"]
[PlyCount "33"]
[EventDate "2014.07.21"]
[EventType "swiss"]
[EventRounds "10"]
[EventCountry "DEN"]
[Source "ChessBase"]
[SourceDate "2014.08.29"]

1. Nf3 Nf6 2. c4 e6 3. g3 d5 4. Bg2 c5 5. O-O Nc6 6. b3 d4 7. e3 e5 8. exd4 e4
9. Ng5 Bg4 10. Qe1 Nxd4 11. Nxe4 Ne2+ 12. Kh1 Nxe4 13. Bxe4 Qd4 14. f3 Be6 15.
Qxe2 Qxa1 16. Nc3 O-O-O 17. Ba3 1-0

[Event "36. Copenhagen Open (Politiken Cup)"]
[Site "Elsinore"]
[Date "2014.07.25"]
[Round "6"]
[White "Eckhardt, Lars H"]
[Black "Jorgensen, Dennis"]
[Result "0-1"]
[WhiteElo "2072"]
[BlackElo "2216"]
[PlyCount "94"]
[EventDate "2014.07.21"]
[EventType "swiss"]
[EventRounds "10"]
[EventCountry "DEN"]
[Source "ChessBase"]
[SourceDate "2014.08.29"]

1. e4 c6 2. d4 d5 3. Nc3 dxe4 4. Nxe4 Bf5 5. Ng3 Bg6 6. Nf3 Nd7 7. Bd3 e6 8.
O-O Ngf6 9. c4 Be7 10. Re1 O-O 11. Bxg6 hxg6 12. b3 Qc7 13. Bb2 Rad8 14. Qe2
Rfe8 15. Ne4 Bb4 16. Red1 Qf4 17. Neg5 Bd6 18. Re1 e5 19. Nh3 Qf5 20. dxe5 Ng4
21. Rad1 Bb4 22. Rf1 f6 23. a3 Ba5 24. b4 Bc7 25. c5 Ngxe5 26. Bxe5 Nxe5 27.
Nd4 Qg4 28. Qa2+ Nf7 29. f4 Rd5 30. Rde1 Rxe1 31. Rxe1 Bxf4 32. Nxf4 Qxf4 33.
Nf3 Kf8 34. Qc2 Ne5 35. Nxe5 Rxe5 36. Rxe5 Qxe5 37. Qd1 Ke7 38. h3 Qe3+ 39. Kh1
Qe6 40. Qd3 Qe1+ 41. Kh2 Qe5+ 42. Kh1 Kf7 43. Qd8 Qe7 44. Qa8 a6 45. Qc8 g5 46.
g4 g6 47. Qh8 Qf8 0-1

[Event "36. Copenhagen Open (Politiken Cup)"]
[Site "Elsinore"]
[Date "2014.07.25"]
[Round "6"]
[White "Edouard, Romain"]
[Black "Meier, Georg"]
[Result "1/2-1/2"]
[WhiteElo "2679"]
[BlackElo "2632"]
[PlyCount "41"]
[EventDate "2014.07.21"]
[EventType "swiss"]
[EventRounds "10"]
[EventCountry "DEN"]
[Source "ChessBase"]
[SourceDate "2014.08.29"]

1. e4 e6 2. d4 d5 3. Nc3 Nf6 4. e5 Nfd7 5. f4 c5 6. Nf3 Nc6 7. Be3 cxd4 8. Nxd4
Qb6 9. Qd2 Qxb2 10. Rb1 Qa3 11. Bb5 Nxd4 12. Bxd4 Bb4 13. O-O a6 14. Rb3 Qa5
15. Rfb1 Be7 16. Bxd7+ Bxd7 17. Rxb7 Bc5 18. Rb8+ Ke7 19. R1b5 Bxd4+ 20. Qxd4
Qa3 21. Rxh8 1/2-1/2

[Event "36. Copenhagen Open (Politiken Cup)"]
[Site "Elsinore"]
[Date "2014.07.25"]
[Round "6"]
[White "Edwardsson, Hannu Kalervo"]
[Black "Markussen, Benno Orvad"]
[Result "1/2-1/2"]
[WhiteElo "1455"]
[BlackElo "1732"]
[PlyCount "90"]
[EventDate "2014.07.21"]
[EventType "swiss"]
[EventRounds "10"]
[EventCountry "DEN"]
[Source "ChessBase"]
[SourceDate "2014.08.29"]

1. e4 c5 2. c4 Nc6 3. Nf3 d6 4. Nc3 Nf6 5. Be2 e5 6. a3 Be7 7. d3 O-O 8. O-O
Bg4 9. Bg5 h6 10. Bxf6 Bxf6 11. Nd5 Be6 12. Rb1 Bxd5 13. cxd5 Nd4 14. Nxd4 exd4
15. b3 Be7 16. a4 Rb8 17. Bg4 b5 18. axb5 Rxb5 19. Qc2 Qb6 20. Bd1 a5 21. Qa2
Ra8 22. Bc2 Rf8 23. g3 Bd8 24. Kg2 Qc7 25. Rfd1 Rb7 26. Rf1 f5 27. f3 f4 28. g4
Qe7 29. Rbe1 h5 30. gxh5 Qh4 31. Kh1 Qxh5 32. Re2 g5 33. Rg2 Rh7 34. Bd1 Kf7
35. Qa4 Qg6 36. Rfg1 Kg8 37. Rg4 Kh8 38. Qa2 Qf7 39. R4g2 Qd7 40. Rg4 Rh5 41.
Qd2 Rf7 42. Qe2 Rfh7 43. R1g2 Bf6 44. Qa2 Qb5 45. Qd2 Rg7 1/2-1/2

[Event "36. Copenhagen Open (Politiken Cup)"]
[Site "Elsinore"]
[Date "2014.07.25"]
[Round "6"]
[White "Egholm, Leif"]
[Black "Loveid, Erik"]
[Result "1/2-1/2"]
[WhiteElo "1718"]
[BlackElo "1490"]
[PlyCount "53"]
[EventDate "2014.07.21"]
[EventType "swiss"]
[EventRounds "10"]
[EventCountry "DEN"]
[Source "ChessBase"]
[SourceDate "2014.08.29"]

1. e4 e5 2. f4 exf4 3. Nf3 d5 4. exd5 Nf6 5. Nc3 Nxd5 6. Nxd5 Qxd5 7. d4 Bd6 8.
Be2 O-O 9. O-O b5 10. c3 Bg4 11. h3 Bh5 12. Nh2 Bxe2 13. Qxe2 Nd7 14. Bxf4 Bxf4
15. Rxf4 Rae8 16. Qf2 Nf6 17. Rf5 Qd7 18. Rf1 Ne4 19. Qh4 g6 20. Re5 Rxe5 21.
dxe5 Nd2 22. Rf6 Qe7 23. Qf4 Nc4 24. Nf3 Kg7 25. Qh4 Nxe5 26. Rf4 Nxf3+ 27.
gxf3 1/2-1/2

[Event "36. Copenhagen Open (Politiken Cup)"]
[Site "Elsinore"]
[Date "2014.07.25"]
[Round "6"]
[White "Eriksson, Christian Altenburg"]
[Black "Pallesen, Jacob"]
[Result "1/2-1/2"]
[WhiteElo "2153"]
[BlackElo "2031"]
[PlyCount "132"]
[EventDate "2014.07.21"]
[EventType "swiss"]
[EventRounds "10"]
[EventCountry "DEN"]
[Source "ChessBase"]
[SourceDate "2014.08.29"]

1. e4 g6 2. d4 Bg7 3. Nf3 c6 4. Nc3 d5 5. h3 dxe4 6. Nxe4 Bf5 7. Ng3 Nf6 8. Bc4
Nbd7 9. c3 Nb6 10. Bb3 Bd7 11. O-O O-O 12. Ne5 Rc8 13. f4 e6 14. Qf3 Nbd5 15.
c4 Ne7 16. Bd2 Qb6 17. Rad1 Rfd8 18. c5 Qc7 19. f5 gxf5 20. Bg5 Be8 21. Nc4 Rd7
22. Bf4 Qd8 23. Nd6 Ra8 24. Be5 Nc8 25. Nc4 Ne7 26. Bc2 Ng6 27. Bd6 Bh6 28. Nh5
Nxh5 29. Qxh5 Qg5 30. Qf3 f6 31. Rde1 Bf7 32. b3 Kh8 33. Qf2 Rg8 34. Re2 Nh4
35. Kh2 Bh5 36. g4 fxg4 37. Qxf6+ Qxf6 38. Rxf6 Nf3+ 39. Rxf3 gxf3 40. Rf2 Rxd6
41. cxd6 Bf4+ 42. Kh1 Bg3 43. Rf1 Rd8 44. Be4 Bxd6 45. Bxf3 Bxf3+ 46. Rxf3 Kg7
47. Re3 Kf6 48. Re4 Bc7 49. Rh4 Rd7 50. Kg2 Bb6 51. Nxb6 axb6 52. Kf3 c5 53.
dxc5 bxc5 54. Rh6+ Ke5 55. Ke3 b5 56. Rh5+ Kd6 57. Ke4 Ra7 58. Kd3 e5 59. Ke4
c4 60. bxc4 bxc4 61. Rxe5 c3 62. Rd5+ Kc6 63. Rd4 Kb5 64. Kd3 Rxa2 65. Rh4 c2
66. Kd2 c1=Q+ 1/2-1/2

[Event "36. Copenhagen Open (Politiken Cup)"]
[Site "Elsinore"]
[Date "2014.07.25"]
[Round "6"]
[White "Eriksson, Kristian"]
[Black "Englert, Fabian"]
[Result "0-1"]
[WhiteElo "2058"]
[BlackElo "2304"]
[PlyCount "130"]
[EventDate "2014.07.21"]
[EventType "swiss"]
[EventRounds "10"]
[EventCountry "DEN"]
[Source "ChessBase"]
[SourceDate "2014.08.29"]

1. e4 g6 2. d4 Bg7 3. Nc3 a6 4. Be3 b5 5. Qd2 Bb7 6. f3 d6 7. Nge2 Nd7 8. Ng3
Rc8 9. Be2 c5 10. O-O Ngf6 11. dxc5 Nxc5 12. Bh6 O-O 13. Bxg7 Kxg7 14. a4 b4
15. Nd1 b3 16. c3 e5 17. Ne3 Rc7 18. Rfd1 Rd7 19. Bc4 Kh8 20. Kh1 Ne8 21. Bd5
Qg5 22. Bxb7 Rxb7 23. Nc4 Qxd2 24. Rxd2 f5 25. Nxd6 Nxd6 26. Rxd6 fxe4 27. Rd5
Rc7 28. Kg1 exf3 29. gxf3 Rxf3 30. Rxe5 Kg7 31. a5 Nd3 32. Re2 Nf4 33. Rd2 Rd3
34. Rad1 Rxd2 35. Rxd2 Re7 36. Rd4 Ne2+ 37. Nxe2 Rxe2 38. Rd7+ Kh6 39. Rb7 Rxb2
40. c4 Kg5 41. c5 Rc2 42. Rxb3 Rxc5 43. Ra3 Rf5 44. Ra2 h5 45. Ra1 h4 46. Ra2
Kh5 47. Ra1 g5 48. Ra2 h3 49. Ra4 g4 50. Ra3 Kh4 51. Ra2 Rb5 52. Ra1 Rb2 53.
Kh1 Re2 54. Kg1 Kg5 55. Kh1 Kf4 56. Kg1 Rd2 57. Rf1+ Ke3 58. Re1+ Re2 59. Ra1
Rg2+ 60. Kh1 Rd2 61. Re1+ Kf2 62. Rf1+ Ke2 63. Rf2+ Ke3 64. Rf1 Ra2 65. Re1+
Kf4 0-1

[Event "36. Copenhagen Open (Politiken Cup)"]
[Site "Elsinore"]
[Date "2014.07.25"]
[Round "6"]
[White "Evertsson, Lennart"]
[Black "Skovgaard, Ib"]
[Result "1-0"]
[WhiteElo "2196"]
[BlackElo "2019"]
[PlyCount "73"]
[EventDate "2014.07.21"]
[EventType "swiss"]
[EventRounds "10"]
[EventCountry "DEN"]
[Source "ChessBase"]
[SourceDate "2014.08.29"]

1. d4 d5 2. c4 c6 3. Nc3 Nf6 4. Nf3 dxc4 5. a4 Bg4 6. e3 e6 7. Bxc4 Bb4 8. Qb3
c5 9. Ne5 Nc6 10. Nxg4 Nxg4 11. h3 Nf6 12. dxc5 Ne4 13. O-O Nxc5 14. Qc2 Rc8
15. Rd1 Qh4 16. Nb5 O-O 17. b3 a6 18. Nd4 Ne5 19. Bb2 Ne4 20. Rac1 Nxc4 21.
bxc4 Rxc4 22. Qxc4 Qxf2+ 23. Kh1 Ng3+ 24. Kh2 Bd6 25. Nf3 Nf1+ 26. Kh1 Nxe3 27.
Rd2 Qg3 28. Qh4 Qg6 29. Ne5 Bxe5 30. Bxe5 Nf5 31. Qf2 f6 32. Bd6 Rd8 33. Bc7
Rd5 34. Rxd5 exd5 35. Qb6 Qg5 36. Qe6+ Kf8 37. Re1 1-0